Навек любовью ранен : (ბიბ.ჩანაწერი № 41501)
[ მარტივი ფორმატი ]
| 000 -LEADER | |
|---|---|
| fixed length control field | 02184nam a2200289Ia 4500 |
| 001 - CONTROL NUMBER | |
| control field | 8168 |
| 003 - CONTROL NUMBER IDENTIFIER | |
| control field | GE_BSU |
| 005 - DATE AND TIME OF LATEST TRANSACTION | |
| control field | 20240401180007.0 |
| 008 - FIXED-LENGTH DATA ELEMENTS--GENERAL INFORMATION | |
| fixed length control field | 181216s2013||||ru |||||||||||||| ||rus|| |
| 020 ## - INTERNATIONAL STANDARD BOOK NUMBER | |
| International Standard Book Number | 9789941931536 |
| 040 ## - CATALOGING SOURCE | |
| Transcribing agency | GE_BSU |
| 041 ## - LANGUAGE CODE | |
| Language code of text/sound track or separate title | rus |
| 080 ## - UNIVERSAL DECIMAL CLASSIFICATION NUMBER | |
| Universal Decimal Classification number | 821.161.1-1 М-39 |
| 100 ## - MAIN ENTRY--PERSONAL NAME | |
| Personal name | Маяковский, Владимир |
| 9 (RLIN) | 21668 |
| 245 ## - TITLE STATEMENT | |
| Title | Навек любовью ранен : |
| Remainder of title | Стихи а любви / |
| Statement of responsibility, etc. | Владимир Маяковский ; Составитель и автор сопроводительных текстов Владимир Головин ; Редактор Александр Сватиков ; Перевод Эмзар Квитаишвили ; Руководитель проекта Николай Свентицкий. |
| 264 ## - PRODUCTION, PUBLICATION, DISTRIBUTION, MANUFACTURE, AND COPYRIGHT NOTICE | |
| Place of production, publication, distribution, manufacture | Тбилиси : |
| Name of producer, publisher, distributor, manufacturer | Русский клуб, |
| Date of production, publication, distribution, manufacture, or copyright notice | 2013. |
| 300 ## - PHYSICAL DESCRIPTION | |
| Extent | 45с. : |
| Other physical details | фот. ; |
| Dimensions | 21см. |
| 500 ## - GENERAL NOTE | |
| General note | დანართი ჟურნალისა "Русский клуб". ვლადიმერ ვლადიმერის ძე მაიაკოვსკის დაბადებიდან 120 წლისთავი. VI საერთაშორისო რუსულ-ქართული პოეტური ფესტივალისთვის "სრული ხმით". გამოცემულია საერთაშორისო საქველმოქმედო ფონდ "ქართუს" მხარდაჭერით |
| 653 ## - INDEX TERM--UNCONTROLLED | |
| keyword | Навек любовью ранен |
| 653 ## - INDEX TERM--UNCONTROLLED | |
| keyword | Стихи а любви |
| 700 ## - ADDED ENTRY--PERSONAL NAME | |
| Personal name | Головин, Владимир |
| Titles and other words associated with a name | ავტორი, შემდგენელი |
| 9 (RLIN) | 21669 |
| 700 ## - ADDED ENTRY--PERSONAL NAME | |
| Personal name | Сватиков, Александр |
| Titles and other words associated with a name | რედაქტორი |
| 9 (RLIN) | 21670 |
| 700 ## - ADDED ENTRY--PERSONAL NAME | |
| Personal name | Квитаишвили, Эмзар |
| Titles and other words associated with a name | მთარგმნელი. |
| 9 (RLIN) | 21671 |
| 700 ## - ADDED ENTRY--PERSONAL NAME | |
| Personal name | вентицкий, Николай |
| Titles and other words associated with a name | პროექტის ხელმძღვანელი |
| 9 (RLIN) | 21672 |
| 710 ## - ADDED ENTRY--CORPORATE NAME | |
| Corporate name or jurisdiction name as entry element | Библиотека международного культурно-просветительского союза "Русский клуб". |
| 9 (RLIN) | 21673 |
| 942 ## - ADDED ENTRY ELEMENTS (KOHA) | |
| Koha item type | წიგნი |
| Source of classification or shelving scheme | |
| Withdrawn status | Lost status | Source of classification or shelving scheme | Damaged status | Not for loan | Permanent Location | Current Location | Shelving location | Date acquired | Full call number | Barcode | Date last seen | Copy number | Price effective from | Koha item type |
|---|---|---|---|---|---|---|---|---|---|---|---|---|---|---|
| ბათუმის შოთა რუსთაველის სახელმწიფო უნივერსიტეტის მთავარი ბიბლიოთეკა | ბათუმის შოთა რუსთაველის სახელმწიფო უნივერსიტეტის მთავარი ბიბლიოთეკა | წიგნსაცავი | 2018-12-17 | 821.161.1-1 М-39 | 26409 | 2018-12-17 | 26409 | 2018-12-17 | წიგნი |
